01222nam a2200313Ia 4500001001200000003000800012006001900020007001500039008004100054020001800095020002600113040002100139035002100160050002300181100002600204245012600230260005000356300001100406504004100417533015200458650002300610650003600633655002900669700001700698710003300715710001700748856012600765999001700891ebr10734913CaPaEBRm o u cr cn|||||||||130728s2013 sz sb 000 0 eng d z9789221274520 z9789221274537 (ebook) aCaPaEBRcCaPaEBR a(OCoLC)85452070314aHQ281b.H37 2013eb1 aHaroff-Tavel, Helene.10aTricked and trappedh[electronic resource] :bhuman trafficking in the Middle East /cHelene Haroff-Tavel and Alix Nasri. aGeneva :bInternational Labour Office,c2013. a151 p. aIncludes bibliographical references. aElectronic reproduction.bPalo Alto, Calif. :cebrary,d2013.nAvailable via World Wide Web.nAccess may be limited to ebrary affiliated libraries. 0aHuman trafficking. 0aHuman traffickingzMiddle East. 7aElectronic books.2local1 aNasri, Alix.2 aInternational Labour Office.2 aebrary, Inc.40uhttp://site.ebrary.com/lib/rucke/Doc?id=10734913zAn electronic book accessible through the World Wide Web; click to view c36935d36935